Emma dilemma : big sister poems /
Emma is Jess's little sister ... and her dilemma. How can one small girl be sweet, funny, imaginative, playful, and affectionate as well as a clinging vine, brat, tattletale, and nuisance-all at the same time? Why is Jess supposed to be a good big sister while Emma doesn't have to be a goo...
| Main Author: | |
|---|---|
| Other Authors: | |
| Format: | Book |
| Language: | English |
| Published: |
New York :
Clarion Books,
2011.
|
| Subjects: | |
| Online Access: | Contributor biographical information Publisher description |
MARC
| Tag | First Indicator | Second Indicator | Subfields |
|---|---|---|---|
| LEADER | 00000cam a2200000 a 4500 | ||
| 001 | in00002725813 | ||
| 008 | 081125s2011 nyua 000 p eng | ||
| 005 | 20240705222749.6 | ||
| 010 | |a 2008050647 | ||
| 020 | |a 9780618428427 | ||
| 020 | |a 0618428429 | ||
| 029 | 1 | |a NZ1 |b 13619114 | |
| 029 | 1 | |a AU@ |b 000043663347 | |
| 035 | |a (OCoLC)ocn276994972 | ||
| 035 | |a (OCoLC)276994972 | ||
| 040 | |a DLC |c DLC |d IK2 |d IHI |d JAO |d EHH |d GO3 |d KYB |d CPL |d YDXCP |d BTCTA |d UtOrBLW | ||
| 042 | |a lcac |a pcc | ||
| 049 | |a TXAM | ||
| 050 | 0 | 0 | |a PS3557.E488 |b B54 2011 |
| 082 | 0 | 0 | |a 811/.54 |2 22 |
| 100 | 1 | |a George, Kristine O'Connell. | |
| 245 | 1 | 0 | |a Emma dilemma : |b big sister poems / |c by Kristine O'Connell George ; illustrated by Nancy Carpenter. |
| 264 | 1 | |a New York : |b Clarion Books, |c 2011. | |
| 300 | |a 47 pages : |b color illustrations ; |c 24 cm. | ||
| 336 | |a text |b txt |2 rdacontent | ||
| 337 | |a unmediated |b n |2 rdamedia | ||
| 338 | |a volume |b nc |2 rdacarrier | ||
| 520 | |a Emma is Jess's little sister ... and her dilemma. How can one small girl be sweet, funny, imaginative, playful, and affectionate as well as a clinging vine, brat, tattletale, and nuisance-all at the same time? Why is Jess supposed to be a good big sister while Emma doesn't have to be a good little sister? The highlights and low points of this sibling relationship are insightfully evoked in short and simple poems, some funny, some touching, and all resonant with emotional truth. Every child with a younger sibling will recognize Jess's dilemma and the combination of ambivalence and deep loyalty that is built into the sibling relationship. Nancy Carpenter's graceful illustrations perceptively complement Kristine O'Connell George's agile poems. | ||
| 586 | |a American Library Association Notable Children's Bk | ||
| 650 | 0 | |a Sisters |v Juvenile poetry. | |
| 650 | 0 | |a Children's poetry, American. | |
| 650 | 1 | |a Sisters |v Poetry. | |
| 650 | 1 | |a American poetry. | |
| 650 | 7 | |a Sisters |v Poetry. |2 sears | |
| 700 | 1 | |a Carpenter, Nancy, |e illustrator. | |
| 856 | 4 | 2 | |3 Contributor biographical information |u http://catdir.loc.gov/catdir/enhancements/fy1114/2008050647-b.html |t 0 |
| 856 | 4 | 2 | |3 Publisher description |u http://catdir.loc.gov/catdir/enhancements/fy1114/2008050647-d.html |t 0 |
| 938 | |a YBP Library Services |b YANK |n 5123383 | ||
| 945 | |a PromptCat |b 715807 | ||
| 946 | |a curr | ||
| 947 | |a A14840486277 | ||
| 948 | |a Cataloged |b h |c 2012/1/12 |d c |e EGrant | ||
| 994 | |a 92 |b TXA | ||
| 999 | |a MARS | ||
| 999 | f | f | |s 0f6312e1-f6ff-3d0a-b7a8-e99d4d3f9145 |i eec9566d-23c4-3cc8-83e4-e8714e7a1c5b |t 0 |
| 952 | f | f | |p normal |a Texas A&M University |b College Station |c Sterling C. Evans Library |d Evans: Curriculum Collection (4th floor) |t 0 |e PS3557.E488 B54 2011 |h Library of Congress classification |i unmediated -- volume |m A14840486277 |
| 998 | f | f | |a PS3557.E488 B54 2011 |t 0 |l Evans: Curriculum Collection (4th floor) |